<?xml version="1.0" encoding="UTF-8"?>
<record
    xmlns:xsi="http://www.w3.org/2001/XMLSchema-instance"
    xsi:schemaLocation="http://www.loc.gov/MARC21/slim http://www.loc.gov/standards/marcxml/schema/MARC21slim.xsd"
    xmlns="http://www.loc.gov/MARC21/slim">

  <leader>02047cam a2200289   4500500</leader>
  <controlfield tag="005">20260222011930.0</controlfield>
  <datafield tag="041" ind1=" " ind2=" ">
    <subfield code="a">fre</subfield>
  </datafield>
  <datafield tag="042" ind1=" " ind2=" ">
    <subfield code="a">dc</subfield>
  </datafield>
  <datafield tag="100" ind1="1" ind2="0">
    <subfield code="a">Pouteyo, Micha&#xEB;l</subfield>
    <subfield code="e">author</subfield>
  </datafield>
  <datafield tag="245" ind1="0" ind2="0">
    <subfield code="a">Louis Le Guillant et l&#x2019;enfant en marge : une autre histoire de la clinique</subfield>
  </datafield>
  <datafield tag="260" ind1=" " ind2=" ">
    <subfield code="c">2024.
							</subfield>
  </datafield>
  <datafield tag="500" ind1=" " ind2=" ">
    <subfield code="a">40</subfield>
  </datafield>
  <datafield tag="520" ind1=" " ind2=" ">
    <subfield code="a">A doctor trained under Georges Heuyer, Louis Le Guillant is also a disciple of Henri Wallon; psychiatrist attached to scientific research as much as to the dissemination of knowledge, techniques and practical attempts that result from it, his institutional functions at the end of the war made him a man of synthesis in an environment in full turmoil. His particular conception of the clinic, based on scientific research, practical experimentation and a constant on-site questioning of the individual &#x2013; of the child as well as of the psychiatrist &#x2013; in society.</subfield>
  </datafield>
  <datafield tag="520" ind1=" " ind2=" ">
    <subfield code="a">M&#xE9;decin form&#xE9; aupr&#xE8;s de Georges Heuyer, Louis Le Guillant est aussi un disciple de Henri Wallon ; psychiatre attach&#xE9; &#xE0; la recherche scientifique autant qu&#x2019;&#xE0; la diffusion des connaissances, des techniques et des tentatives pratiques qui en d&#xE9;coulent, ses fonctions institutionnelles &#xE0; la sortie de la guerre en font un homme de synth&#xE8;se dans un environnement en pleine &#xE9;bullition. Sa conception particuli&#xE8;re de la clinique, appuy&#xE9;e sur la recherche scientifique, l&#x2019;exp&#xE9;rimentation pratique et une interrogation constante sur la place de l&#x2019;individu &#x2013; de l&#x2019;enfant comme du psychiatre &#x2013; dans la soci&#xE9;t&#xE9;.</subfield>
  </datafield>
  <datafield tag="690" ind1=" " ind2=" ">
    <subfield code="a">clinique</subfield>
  </datafield>
  <datafield tag="690" ind1=" " ind2=" ">
    <subfield code="a">enfance inadapt&#xE9;e</subfield>
  </datafield>
  <datafield tag="690" ind1=" " ind2=" ">
    <subfield code="a">Le Guillant</subfield>
  </datafield>
  <datafield tag="690" ind1=" " ind2=" ">
    <subfield code="a">mat&#xE9;rialisme</subfield>
  </datafield>
  <datafield tag="690" ind1=" " ind2=" ">
    <subfield code="a">psychiatrie infantile</subfield>
  </datafield>
  <datafield tag="690" ind1=" " ind2=" ">
    <subfield code="a">child psychiatry</subfield>
  </datafield>
  <datafield tag="690" ind1=" " ind2=" ">
    <subfield code="a">clinic</subfield>
  </datafield>
  <datafield tag="690" ind1=" " ind2=" ">
    <subfield code="a">Le Guillant</subfield>
  </datafield>
  <datafield tag="690" ind1=" " ind2=" ">
    <subfield code="a">maladjusted childhood</subfield>
  </datafield>
  <datafield tag="690" ind1=" " ind2=" ">
    <subfield code="a">materialism</subfield>
  </datafield>
  <datafield tag="786" ind1="0" ind2=" ">
    <subfield code="n">L'irr&#xE9;guli&#xE8;re | 26 | 1 | 2024-09-23 | p. 125-138 | 1962-9419</subfield>
  </datafield>
  <datafield tag="856" ind1="4" ind2="1">
    <subfield code="u">https://shs.cairn.info/revue-d-histoire-de-l-enfance-irreguliere-2024-1-page-125?lang=fr&amp;redirect-ssocas=7080</subfield>
  </datafield>
  <datafield tag="999" ind1=" " ind2=" ">
    <subfield code="c">1670037</subfield>
    <subfield code="d">1670037</subfield>
  </datafield>
</record>
